Elementos de geografía: nociones de la geografía de Chile y de América

Enregistré dans:
Détails bibliographiques
Auteur principal: Pérez P., Luis (Auteur)
Format: Livre
Langue:espagnol
Publié: Santiago Universo 1925
Édition:6a. ed
Sujets:
Tags: Ajouter un tag
Pas de tags, Soyez le premier à ajouter un tag!

MARC

LEADER 00000nam a2200000 a 4500
001 UCZ8530
003 CL-VaPUC
008 960121e19250000CL |||||||||||||||||spa|d
082 0 4 |a 372.891  |b PER  |2 21 
100 0 |a Pérez P., Luis  |e author  |9 353861 
245 1 0 |a Elementos de geografía: nociones de la geografía de Chile y de América 
250 |a 6a. ed 
300 |a 137 p 
942 |c BK 
945 |d 19960121 00:00:00  |a cmena 
260 |a Santiago  |b Universo  |c 1925 
650 0 |a Geografía  |9 259346 
650 0 |a Enseñanza de la geografía  |9 310005 
650 0 |a Métodos de enseñanza  |9 270413 
650 0 |a Geografía política  |9 268296 
650 0 |a Geografía física   |9 259347 
651 7 |a CHILE  |2 CL-VaPUC  |9 353862 
651 0 |a América  |9 255182 
583 |a last modification  |c 19960121 00:00:00  |k Rodrigo Vera 
999 |c 244397  |d 244395 
952 |0 0  |1 0  |4 0  |6 372_891000000000000_PER_1925  |7 0  |8 P  |9 258456  |a BIBEDU  |b BIBEDU  |c BIBEDU_PB  |d 2019-11-19  |i 1619926  |o 372.891 PER 1925  |p 1619926  |r 2024-01-25  |w 2019-11-19  |y BK  |k EDU